000 00481nam a2200169Ia 4500
001 15081
003 IN-NITTTR
005 20251114233142.0
008 251113s9999||||xx |||||||||||||| ||eng||
040 _beng
040 _cIN-NITTTR
041 _aeng
082 _a200 G341U
100 _aGhai, O. P.
245 0 _aUnity in diversity :
_b a guide to the understanding of the fundamental unity underlying the great living religions of the world /
_cGhai, O. P.
942 _2ddc
_cBK
999 _c17715
_d17715